Planning policy (Record no. 116265)
[ view plain ]
| 000 -LEADER | |
|---|---|
| fixed length control field | 00953cam a22002175a 4500 |
| 001 - CONTROL NUMBER | |
| control field | L160183 |
| 008 - FIXED-LENGTH DATA ELEMENTS--GENERAL INFORMATION | |
| fixed length control field | 181018s2017 xxk f 000 0 eng d |
| 020 ## - INTERNATIONAL STANDARD BOOK NUMBER | |
| International Standard Book Number | 9781784516581 |
| 035 ## - SYSTEM CONTROL NUMBER | |
| System control number | (Sirsi) u160183 |
| 041 0# - LANGUAGE CODE | |
| Language code of text/sound track or separate title | eng |
| 050 04 - LIBRARY OF CONGRESS CALL NUMBER | |
| Classification number | 711.4 |
| 100 1# - MAIN ENTRY--PERSONAL NAME | |
| Personal name | Harwood, Richard |
| 245 00 - TITLE STATEMENT | |
| Title | Planning policy |
| 260 ## - PUBLICATION, DISTRIBUTION, ETC. | |
| Place of publication, distribution, etc. | Haywards Heath |
| Name of publisher, distributor, etc. | Bloomsbury Professional |
| Date of publication, distribution, etc. | 2017 |
| 300 ## - PHYSICAL DESCRIPTION | |
| Extent | xlv 680p 25cm |
| 520 ## - SUMMARY, ETC. | |
| Summary, etc. | Provides advice and guidance on planning legislation, case law and good practice in plan-making. Looks at national policy in England, strategic, London and local and neighbourhood planning in England, brownfield land registers, national policy and local and strategic planning in Wales, Northern Ireland regional and local policy, Marine planning. Concludes with a review of dealing with legal challenges. |
| 651 #4 - SUBJECT ADDED ENTRY--GEOGRAPHIC NAME | |
| Geographic name | ENGLAND AND WALES |
| 690 ## - LOCAL SUBJECT ADDED ENTRY--TOPICAL TERM (OCLC, RLIN) | |
| Topical term or geographic name as entry element | Planning and development |
| 9 (RLIN) | 6259 |
| 710 1# - ADDED ENTRY--CORPORATE NAME | |
| Corporate name or jurisdiction name as entry element | Hutton, Victoria |
| 942 ## - ADDED ENTRY ELEMENTS (KOHA) | |
| Suppress in OPAC | 0 |
| Source of classification or shelving scheme | Dewey Decimal Classification |
| Withdrawn status | Lost status | Source of classification or shelving scheme | Damaged status | Not for loan | Home library | Current library | Shelving location | Date acquired | Total Checkouts | Full call number | Barcode | Date last seen | Copy number | Price effective from | Koha item type |
|---|---|---|---|---|---|---|---|---|---|---|---|---|---|---|---|
| Dewey Decimal Classification | London | London | Missing | 18/10/2018 | 711.4 HAR | 30079712 | 06/08/2019 | 1 | 06/08/2019 | Book |